000 00691nam a2200289Ia 4500
005 20260324130819.0
008 008 260324s9999 xx 000 0 eng d
020 _a9781315615264
037 _aEBOOK
040 _aCRL
040 _beng
040 _cCRL
041 _2eng
041 _aeng
084 _qCRL
100 _aTope Omoniyi; Suman Gupta
_91183185
245 4 _aThe Cultures of Economic Migration
245 0 _bInternational Perspectives
260 _bTaylor and Francis
260 _c2007
365 _a
365 _b240
856 _uhttp://www.taylorfrancis.com/books/9781315615264
942 _cEBOOK
999 _c1779715
_d1779715